Music Quiz

Random Music or Bands Quiz

Before & After Bands 1 Quiz Stats

 Plays Quiz not verified by Sporcle

Challenge
Share
Tweet
Embed
Score 0/10 Timer 10:00
0 Plays Today
Band 1 Combined % Correct
'Daft Punk Is Playing At My House,' 'Tribulations,' 'Someone Great'LCD Soundsystem of a Down
63.6%
'Savior,' 'Swing Life Away,' 'Prayer of the Refugee'Rise Against Me!
38.6%
'Sleepyhead,' 'Little Secrets,' 'Moth's Wings'Passion Pitbull
25%
'Animal,' 'Black & Blue,' 'Silvia'Miike Snow Patrol
9.1%
'Can I Kick It?,' 'Electric Relaxation,' 'Check the Rhime'A Tribe Called ? and the Mysterians
9.1%
'Smash Your Head,' 'Touch 2 Feel,' 'Minute By Minute' Girl Talking Heads
6.8%
'The Magic Position,' 'Overture,' 'Get Lost'Patrick Wolf Parade
6.8%
'Bunnies,' 'Cutsman,' 'Birdo'HORSE the Band of Horses
4.5%
'I Believe,' 'Hey Leonardo (She Likes Me for Me),' 'Nora'Blessid Union of Souls of Mischief
4.5%
'Islands,' 'Heart Skipped A Beat,' 'VCR'The XX-Ray Spex
0%

You're not logged in!

Compare scores with friends on all Sporcle quizzes.
Join for Free
OR
Log In

You Might Also Like...

Show Comments

Extras

Created Dec 31, 2009ReportNominate
Tags:Bands Quiz, before, combined

Top Quizzes Today


Score Distribution

Your Account Isn't Verified!

In order to create a playlist on Sporcle, you need to verify the email address you used during registration. Go to your Sporcle Settings to finish the process.

Report this User

Report this user for behavior that violates our Community Guidelines.

Details: